| 000 | 00435nam a2200145Ia 4500 | ||
|---|---|---|---|
| 008 | 220216s9999 xx 000 0 und d | ||
| 100 | _aLeniger H A | ||
| 245 | 0 | _aPossibility of using tannins as coagulants for natural latex | |
| 260 | _bProceedings of the 2nd Rubber Technology Conference, London, 1948; p327-332 | ||
| 650 | _aLatex coagulant | ||
| 650 | _aNatural latex | ||
| 650 | _aTannin | ||
| 700 | _aVerhaar G | ||
| 942 | _cJS | ||
| 999 |
_c65338 _d65338 |
||